000 01969nam a22003737a 4500
003 PE-LiUPU
005 20260407103901.0
008 230707b |||||||| |||| 00| 0 eng d
040 _aPE-LiUPU
_bspa
_cPE-LiUPU
_dPE-LiUPU
_erda
082 _223
_a222.11
_bT431h
100 _aThielicke, Helmut
_91530
_d1908-1986
_eautor.
245 _aHow the world began :
_bMan in the first chapters of the Bible /
_cpor Helmut Thielicke, traducido con una introducción por Jhon W. Doberstein
264 _aPhiladelphia, Pennsylvania :
_bFortress Press,
_c1961.
300 _a308 páginas :
_c22 centímetros.
505 _aTHE BEGINNING: in the beginning -- The primeval witnesses -- The light of the world -- God's autograpah --THE CREATION OF MAN: man - the risk of God -- Creation and evolution, faith and science -- The meaning and orde of the sexes -- The great sabbath -- THE STORY OF THE FALL-- How evil came into the world -- The Bridgehead of the tempter -- Guilt and destiny -- the Mystery of death -- THE STORY OF CAIN AND ABEL: The Cain within us -- Where is Abel your brother? -- Insecure man -- THE STORY OF THE FLOOD: floods and fires -- Noah-the adventure of faith -- THE BUILDING OF THE TOWER OF BABEL: The fear of our fellows -- Outlines of a new world order -- POSTSCRIPT FOR THEOLOGICAL READERS: Postscript for theological readers.
526 _aSEG42
526 _aSEG41
526 _aSEG40
526 _aSEG39
526 _aP94
526 _aP87
526 _aP86
526 _aP85
526 _aP77
526 _aP76
526 _aP35
630 0 _aBiblia.
_pGénesis 1-11
_91538
650 0 _aHombre
_xCreación
_91536
650 0 _aDiluvio universal
_91535
700 _aDoberstein, John W.
_91539
_d1905-1965
_eTraductor.
942 _2ddc
_cBK
_n0
980 _621515
_aDIGNA BRAÑES Analista Documental
_818226
_gJaime Vilcazán Jefe de Análisis Documental
999 _c61906
_d61906